| 000 | 00496cam a22001457a 4500 | ||
|---|---|---|---|
| 008 | 180718b2005 xxu||||| |||| 00| 0 eng d | ||
| 082 | _aA81x54 01/24PCA | ||
| 100 | _aCensus of India 2001 | ||
| 245 | _aMadhya Pradesh: primary census abstract | ||
| 260 |
_aDelhi _bThe Controller of Publications _c2005 |
||
| 300 | _a-v- | ||
| 440 | _aCensus of India 2001. Series-24, Madhya Pradesh | ||
| 500 | _aContents: v.1., Tables A5-A7. 399p.;v.2., Tables A8&A9. 532p. | ||
| 650 | _aMadhya Pradesh - Census | ||
| 999 |
_c481691 _d481691 |
||